Il Vangelo secondo Matteo /

Guardat en:
Dades bibliogràfiques
Autor principal: Pasolini, Pier Paolo (Autor)
Format: Llibre
Idioma:italià
Publicat: Milano : Garzanti, 1964
Matèries:
Etiquetes: Afegir etiqueta
Sense etiquetes, Sigues el primer a etiquetar aquest registre!

MARC

LEADER 00000nam a22000007i 4500
001 IT\ICCU\SBL\0271175
003 ItRI
005 20260115232335.0
008 910930s1964 it |||||| ||||| |||||c
015 |2 IT  |a 64-10356 
040 |b ita  |c importazione bologna sebina 
041 7 |a ita  |2 ISO-639-2 
082 |a 791.43  |9 CINEMATOGRAFO  |2 16 
100 1 |a Pasolini, Pier Paolo  |0 IT\ICCU\CFIV\001068  |4 aut 
240 1 3 |a Il Vangelo secondo Matteo  |3 IT\ICCU\VIA\0406325  |9 Pasolini, Pier Paolo 
245 1 3 |a Il Vangelo secondo Matteo /  |c un film di Pier Paolo Pasolini. 
260 |a Milano :  |b Garzanti,  |c 1964 
300 |a 308 p., [16] carte di tav. :  |b ill. ;  |c 21 cm 
650 7 |a Il *Vangelo secondo Matteo <film> 
942 |2 ddc  |c BK  |n 0 
952 |0 0  |1 0  |4 0  |6 DOC_791_430000000000000_PAS  |7 0  |9 24444  |a BO  |b BO  |d 2026-01-15  |i 16481  |l 0  |o DOC 791.43 PAS  |p BO16481  |r 2026-01-15 23:23:35  |w 2026-01-15  |x [Sebina 5] [1 v.]  |y BK  |z 1 v. 
999 |c 20810  |d 20810